শাহ আবদুল লতিফ ভিটাই / (Record no. 40655)
[ view plain ]
| 000 -LEADER | |
|---|---|
| fixed length control field | 00880nam a2200229 4500 |
| 001 - CONTROL NUMBER | |
| control field | 40655 |
| 003 - CONTROL NUMBER IDENTIFIER | |
| rucl marc code | BD-RjUL |
| 005 - DATE AND TIME OF LATEST TRANSACTION | |
| control field | 20211209053248.0 |
| 008 - FIXED-LENGTH DATA ELEMENTS--GENERAL INFORMATION | |
| fixed length control field | 160507s1964 bg||||| |||| 00| 0 bbend |
| 035 ## - SYSTEM CONTROL NUMBER | |
| System control number | (BD-RjUL)40770 |
| 040 ## - CATALOGING SOURCE | |
| Original cataloging agency | BD-RjUL |
| Language of cataloging | eng |
| Transcribing agency | BD-RjUL |
| 041 ## - LANGUAGE CODE | |
| Language code of text/sound track or separate title | ben |
| 082 ## - DEWEY DECIMAL CLASSIFICATION NUMBER | |
| Edition number | 23 |
| Classification number | 891.411092 |
| Author mark and year | MAS 1964 |
| 100 ## - MAIN ENTRY--PERSONAL NAME | |
| Personal name | মওদুদ, আবদুল |
| 9 (RLIN) | 117863 |
| 245 ## - TITLE STATEMENT | |
| Title | শাহ আবদুল লতিফ ভিটাই / |
| Statement of responsibility, etc. | আবদুল মওদুদ |
| 250 ## - EDITION STATEMENT | |
| Edition statement | ১ম সং. |
| 260 ## - PUBLICATION, DISTRIBUTION, ETC. (IMPRINT) | |
| Place of publication, distribution, etc. | ঢাকা : |
| Name of publisher, distributor, etc. | পাকিস্তান পাবলিকেশনস্, |
| Date of publication, distribution, etc. | ১৯৬৪ |
| 300 ## - PHYSICAL DESCRIPTION | |
| Pagination | [৮], ১২৮পৃ.: |
| Illustrations | চিত্র ; |
| Size | ১৮ সেমি. |
| 600 ## - SUBJECT ADDED ENTRY--PERSONAL NAME | |
| Personal name | ভিটাই, শাহ্ আব্দুল লতিফ |
| General subdivision | জীবনী |
| Personal name | Bhitai, Shah Abdul Latif |
| General subdivision | Biography |
| 942 ## - ADDED ENTRY ELEMENTS (KOHA) | |
| Source of classification or shelving scheme | Dewey Decimal Classification |
| Koha item type | Books |
| Lost status | Source of classification or shelving scheme | Damaged status | Not for loan | Collection code | Permanent Location | Current Location | Shelving location | Date acquired | Source of acquisition | Cost, normal purchase price | Total Checkouts | Full call number | Date last seen | Copy number | Koha item type |
|---|---|---|---|---|---|---|---|---|---|---|---|---|---|---|---|
| Dewey Decimal Classification | Non-fiction | Central Library, University of Rajshahi | Central Library, University of Rajshahi | 11/02/1967 | Dhaka Nowroz Kitabisthan | 1.25 | B 891.411092 MAS 1964 | 17/05/2016 | C-2 | Books | |||||
| Dewey Decimal Classification | Non-fiction | Central Library, University of Rajshahi | Central Library, University of Rajshahi | 11/02/1967 | Nowroj kitabistan, Dhaka | 1.25 | B 891.411092 MAS 1964 | 19/05/2016 | C-3 | Books | |||||
| Dewey Decimal Classification | Non-fiction | Central Library, University of Rajshahi | Central Library, University of Rajshahi | 11/02/1967 | Nowroj kitabistan, Dhaka | 1.25 | B 891.411092 MAS 1964 | 19/05/2016 | C-4 | Books | |||||
| Dewey Decimal Classification | Non-fiction | Central Library, University of Rajshahi | Central Library, University of Rajshahi | 16/05/1970 | Nowroj kitabistan, Dhaka | 1.25 | B 891.411092 MAS 1964 | 19/05/2016 | C-5 | Books | |||||
| Dewey Decimal Classification | Not For Loan | Non-fiction | Central Library, University of Rajshahi | Central Library, University of Rajshahi | Reading Room | 11/02/1967 | Nowroj kitabistan, Dhaka | 1.25 | B 891.411092 MAS 1964 | 19/05/2016 | C-1 | Books | |||
| Dewey Decimal Classification | Non-fiction | Central Library, University of Rajshahi | Central Library, University of Rajshahi | 11/02/1967 | Nowrose | 1.25 | B 891.411092 MAS 1964 | 10/12/2016 | C-6 | Books |